000 00471pab a2200169 454500
008 180718b2003 xxu||||| |||| 00| 0 eng d
100 _aShamai, Michal
245 _aUsing social constructionist thinking in training social workers living and working under threat of political violence
260 _c2003
300 _ap.545-55.
362 _aOct
650 _aTraining
650 _aViolence
650 _aSocial workers
773 _aSocial Work
909 _a61453
999 _c61453
_d61453